Construction output up by 0.7% in euro area (Record no. 112415)

MARC details
000 -LEADER
fixed length control field 00863cad a22002175a 4500
001 - CONTROL NUMBER
control field L153187
008 - FIXED-LENGTH DATA ELEMENTS--GENERAL INFORMATION
fixed length control field 110621e20110518 d f s i000 0 eng d
035 ## - SYSTEM CONTROL NUMBER
System control number (Sirsi) u153187
041 0# - LANGUAGE CODE
Language code of text/sound track or separate title eng
110 2# - MAIN ENTRY--CORPORATE NAME
Corporate name or jurisdiction name as entry element Eurostat
9 (RLIN) 1416
245 00 - TITLE STATEMENT
Title Construction output up by 0.7% in euro area
Medium [electronic resource]
260 ## - PUBLICATION, DISTRIBUTION, ETC.
Date of publication, distribution, etc. 2011
490 #0 - SERIES STATEMENT
Series statement Eurostat News Release
Volume/sequential designation (89/2011) 17 June 2011
520 ## - SUMMARY, ETC.
Summary, etc. Compared with April 2010, output in April 2011 dropped by 2.0% in the euro area and by 1.2% in the EU27; down by 0.9% in the EU27.
590 ## - LOCAL NOTE (RLIN)
Local note KA
650 24 - SUBJECT ADDED ENTRY--TOPICAL TERM
Topical term or geographic name entry element EUROSTAT MONTHLY CONSTRUCTION INDEX
651 #4 - SUBJECT ADDED ENTRY--GEOGRAPHIC NAME
Geographic name Europe
690 ## - LOCAL SUBJECT ADDED ENTRY--TOPICAL TERM (OCLC, RLIN)
Topical term or geographic name as entry element BUILT ENVIRONMENT-CONSTRUCTION MARKET
856 40 - ELECTRONIC LOCATION AND ACCESS
Uniform Resource Identifier <a href="https://epp.eurostat.ec.europa.eu/cache/ITY_PUBLIC/4-17062011-BP/EN/4-17062011-BP-EN.PDF">https://epp.eurostat.ec.europa.eu/cache/ITY_PUBLIC/4-17062011-BP/EN/4-17062011-BP-EN.PDF</a>
Public note View the item free of charge at http://epp.eurostat.ec.europa.eu
942 ## - ADDED ENTRY ELEMENTS (KOHA)
Suppress in OPAC 0
Holdings
Withdrawn status Lost status Source of classification or shelving scheme Damaged status Not for loan Home library Current library Shelving location Date acquired Total Checkouts Full call number Barcode Date last seen Copy number Price effective from Koha item type
    Dewey Decimal Classification     Virtual Virtual Books 21/06/2011   ONLINE PUBLICATION 153187-2001 06/08/2019 1 06/08/2019 Online material